Vietnam local consultations on the draft comprehensive poverty reduction and growth strategy 2002

Saved in:
Bibliographic Details
Main Author: Shanks, Edwin
Format: Book
Language:Undetermined
Published: Washington, D. C. The World Bank 2001
Subjects:
Tags: Add Tag
No Tags, Be the first to tag this record!
Institutions: Trung tâm Học liệu Trường Đại học Cần Thơ
LEADER 00572nam a2200181Ia 4500
001 CTU_62963
008 210402s9999 xx 000 0 und d
082 |a 362.5 
082 |b S524/Vol.2 
100 |a Shanks, Edwin 
245 0 |a Vietnam local consultations on the draft comprehensive poverty reduction and growth strategy 2002 
245 0 |c Edwin Shanks and Carrie Turk 
260 |a Washington, D. C. 
260 |b The World Bank 
260 |c 2001 
650 |a Poverty 
904 |i Minh (Nguyên sửa) 
980 |a Trung tâm Học liệu Trường Đại học Cần Thơ